000 00499nam a2200181Ia 4500
005 20250609165041.0
008 008 250516s9999 xx 000 0 eng d
020 _a9781041035541
040 _beng
_cSDCL
041 _aeng
_2eng
084 _aV2,63'P R5
100 _aSrivastava, Vinayak Narain
_9809746
245 0 _aLocal governance in India :
_bThe panchayati raj
260 _aLondon :
_bRoutledge,
_c2025.
300 _axiv, 194p.
650 _aPolitical Science
942 _cTEXL
_2CC
999 _c1429831
_d1429831